| 000 | 00476nam a2200157Ia 4500 | ||
|---|---|---|---|
| 008 | 170221s9999 xx 000 0 und d | ||
| 100 | _aOlubunmi Philip Aborisade | ||
| 245 | _aNon-traditional Skills and Tactics and Modern Technology | ||
| 245 | _cOlubunmi Philip Aborisade | ||
| 260 | _bOnline Journal of Communication and Media Technologies | ||
| 260 | _c2016 | ||
| 300 | _a6 : | ||
| 650 | _xCommunication | ||
| 650 | _xMedia Arts | ||
| 856 | _uhttp://www.ojcmt.net/ | ||
| 999 |
_c312961 _d312961 |
||